Dự báo thủy văn

में बचाया:
ग्रंथसूची विवरण
मुख्य लेखक: Nguyễn, Văn Tuấn
अन्य लेखक: Bùi, Văn Đức, Đoàn, Quyết Trung
स्वरूप: पुस्तक
प्रकाशित: Hà Nội Đại học quốc gia 2001
विषय:
टैग : टैग जोड़ें
कोई टैग नहीं, इस रिकॉर्ड को टैग करने वाले पहले व्यक्ति बनें!
Thư viện lưu trữ: Trung tâm Học liệu Lê Vũ Hùng, Trường Đại học Đồng Tháp
LEADER 00908pam a22002538a 4500
001 00037998
005 20190729160732.0
008 170514s2001 ||||||Viesd
020 # # |c 25500 
041 0 # |a Vie 
082 1 4 |a 551.46  |b D550B 
100 1 # |a Nguyễn, Văn Tuấn 
245 1 0 |a Dự báo thủy văn  |c Nguyễn Văn Tuấn; Đoàn Quyết Trung; Bùi Văn Đức 
260 # # |a Hà Nội  |b Đại học quốc gia  |c 2001 
300 # # |a 210tr  |c 24 cm 
653 # # |a dự báo 
653 # # |a thủy văn 
700 1 # |a Bùi, Văn Đức 
700 1 # |a Đoàn, Quyết Trung 
852 # # |b Kho mượn  |j KM.0021698 
852 # # |b Kho đọc  |j KD.0020620 
852 # # |j KM.0021698  |j KD.0020620  |j KM.0031328  |j KM.0031325  |j KM.0031326  |j KM.0031327 
910 # # |d 14/05/2017  |e ltkchi  |f 29/07/2019 
980 # # |a Trung tâm Học liệu Lê Vũ Hùng, Trường Đại học Đồng Tháp